Wszyscy zwycięzcy Ekstraklasy - Statystyki

Ogólne statystyki
  • Ten quiz został rozwiązany 520 razy
    515 od ostatniego zresetowania
  • Średni wynik to 13 z 19
Statystyki odpowiedzi
Wygrane Odpowiedź % Poprawnych
15 Legia Warszawa
100%
8 Lech Poznań
99%
13 Wisła Kraków
92%
14 Ruch Chorzów
86%
14 Górnik Zabrze
85%
5 Cracovia
80%
2 Śląsk Wrocław
77%
1 Raków Częstochowa
76%
4 Widzew Łódź
75%
2 Polonia Warszawa
71%
1 Piast Gliwice
70%
2 ŁKS Łodź
65%
2 Zagłębie Lubin
61%
2 Warta Poznań
52%
2 Stal Mielec
48%
2 Polonia Bytom
46%
4 Pogoń Lwów
36%
1 Szombierki Bytom
27%
1 Garbarnia Kraków
26%
Nie znaleziono quizów pasujących do podanych kryteriów
Rozkład punktacji
Procent ludzi z każdym wynikiem
Percentyl według liczby udzielonych odpowiedzi
Twoja historia wyników
Nie rozwiązałeś tego quizu od ostatniego zresetowania